Normal view
MARC view
- Siddiqui, Osama Aftab
Entry Personal Name
001 - CONTROL NUMBER
- control field: 119671
003 - CONTROL NUMBER IDENTIFIER
- control field: NUST
005 - DATE AND TIME OF LATEST TRANSACTION
- control field: 20231212113800.0
008 - FIXED-LENGTH DATA ELEMENTS
- fixed length control field: 231212|| aca||aabn | a|a d
040 ## - CATALOGING SOURCE
- Original cataloging agency: NUST
- Transcribing agency: NUST
100 ## - HEADING--PERSONAL NAME
- Personal name: Siddiqui, Osama Aftab
670 ## - SOURCE DATA FOUND
- Source citation: Work cat.: (NUST)607298: Siddiqui, Osama Aftab , Design and Fabrication of an Automatic Egg Incubator with Controls /
